| 000 | 00495nam a22001697a 4500 | ||
|---|---|---|---|
| 003 | NUST - PNEC | ||
| 005 | 20170116181020.0 | ||
| 008 | 150915b xxu||||| |||| 00| 0 eng d | ||
| 020 | _a0071213228 | ||
| 040 | _cLIBRARY | ||
| 082 | _a621.392 BRO | ||
| 100 |
_910597 _aBrown, Stephen D. |
||
| 245 |
_aFundamentals of digital logic with Verilog design _cStephen D. Brown |
||
| 260 | _cc.2003 | ||
| 650 |
_910598 _aLogic circuits--Design and construction--Data processing _xEE |
||
| 942 |
_2ddc _cBK |
||
| 999 |
_c67373 _d67373 |
||